Заек и мечка: Заешки вредни навици дребни (Запис номер 327440)
[ съкратено ]
| 000 -Лидер | |
|---|---|
| Контролно поле с фиксирана дължина | 01244nam a2200313 a 4500 |
| 003 - Код на организацията, давaща контролен номер | |
| Контролно поле | BLK |
| 005 - Дата и час на последна редакция | |
| Контролно поле | 20250716114114.0 |
| 008 - Елементи от данни с фиксирана дължина | |
| fixed length control field | 181210b bu a|||br|||| 00| 0 bu d |
| 020 ## - Международен стандартен номер на книга ISBN | |
| Международен стандартен номер на книга ISBN | 9786197455007 |
| 040 ## - Източник на каталожния запис | |
| Идентификатор на билиотеката - собственик на записа | BLK |
| 041 ## - Код за език | |
| Код за езика на текст/звукозапис или на отделно заглавие | Български |
| Код за езика КДБФ | Български |
| 080 ## - УДК | |
| Текстов определител УДК | Английска литература |
| УДК код - определител по УДК | 821.111 |
| УДК определител | -93-34 |
| УДК - код + определител | 821.111-93-34 |
| 100 ## - Редна дума - Автор | |
| Автор | Гоф, Джулиан |
| Авторска отговорност | първи автор |
| R(LIN) | 1299 |
| 139 ## - Редно поле | |
| Редна дума | Гоф, Джулиан |
| Авторски знак | Гос - Г 70 |
| 240 ## - Унифицирано заглавие | |
| Унифицирано заглавие | Rabbit & Bear, rabbit's bad habits. български език |
| 245 ## - Сведения за заглавието | |
| Заглавие | Заек и мечка: Заешки вредни навици дребни |
| Редно поле (дума) | Джулиан Гоф ; ил. Джим Фийлд ; прев. Петя Гуламали |
| 260 ## - Област на издателските данни | |
| 9 (RLIN) | 391444 |
| Място на издаване, разпространение и проч. | София |
| Име на издателя, разпространителя и проч. | Таймлайнс стор |
| Година на издаване | 2018 |
| Печатница | Китай |
| Дата на отпечатване | 2018 |
| 300 ## - Физическа характеристика | |
| Страници | 100 с. |
| Илюстрации и др. | с цв. ил. |
| Размери/Мащаб | 19 см |
| 380 ## - Жанр | |
| Жанр | Детска худож. лит. |
| 500 ## - Общи забележки | |
| Забележка | Ориг. загл.: Rabbit & Bear, rabbit's bad habits / Julian Gough |
| 700 ## - Други автори (авторска отговорност) | |
| 9 (RLIN) | 599 |
| Лично име | Фийлд, Джим |
| Автороска отговорност (Описва отношението между автора и произведението) | ил. |
| 700 ## - Други автори (авторска отговорност) | |
| 9 (RLIN) | 966 |
| Лично име | Гуламали, Петя |
| Автороска отговорност (Описва отношението между автора и произведението) | прев. |
| 852 ## - Местоположение | |
| Форматна сигнатура | Цб 292263 |
| 999 ## - СИСТЕМНИ КОНТРОЛНИ НОМЕРА | |
| Koha biblionumber | 327440 |
| Koha biblioitemnumber | 327440 |
| 942 ## - АРТИКУЛИ | |
| Вид на библиотечния материал | Книги |
| Скрит в OPAC | Не |
| Koha issues (borrowed), all copies | 57 |
| 944 ## - СЪЗДАВАНЕ И РЕДАКЦИЯ на ЗАПИСА | |
| Създаване/Редакция | Създаване |
| Дата на регистрацията/редакция | 2018-12-10 |
| Служител, извършил регистрацията/редакцията | 30542 |
| Статус, дата на статуса | Русанова Ирена |
| 999 ## - СИСТЕМНИ КОНТРОЛНИ НОМЕРА | |
| Koha biblioitemnumber | 327440 |
| 999 ## - СИСТЕМНИ КОНТРОЛНИ НОМЕРА | |
| Koha biblioitemnumber | 327440 |
| 999 ## - СИСТЕМНИ КОНТРОЛНИ НОМЕРА | |
| Koha biblioitemnumber | 327440 |
| Код за отписване | Код за изгубен артикул | Източник на класификационната схема | Код за повреда | Коз за рестрикции | Код за отдаване | Артикулен № | Име на библиотеката - собственик | Име на библиотеката, в която се намира в момента | Статус (Текущо местоположение) | Дата на вписване в системата | Местоположение - отдел | Цена в лева | Систематично азбучна сигнатура | Баркод | Цена в евро | Служебен тип на артикула |
|---|---|---|---|---|---|---|---|---|---|---|---|---|---|---|---|---|
| Не е изгубен | Universal Decimal Classification | Не е повреден | без рестрикции | ползва се в читалня | 686012 | Регионална библиотека "Любен Каравелов" Русе | Регионална библиотека "Любен Каравелов" Русе | Хранилище | 2018-12-12 | Хранилище | 13.99 | Цб 292263 | 120000827298 | 7.15 | Книги | |
| Не е изгубен | Universal Decimal Classification | Не е повреден | заемане за дома | 693161 | Регионална библиотека "Любен Каравелов" Русе | Регионална библиотека "Любен Каравелов" Русе | Детски отдел | 2019-03-13 | Детски отдел | 13.99 | ДХ 820/899/Г 70 | 120000830872 | 7.15 | Книги | ||
| Не е изгубен | Universal Decimal Classification | Не е повреден | заемане за дома | 693162 | Регионална библиотека "Любен Каравелов" Русе | Регионална библиотека "Любен Каравелов" Русе | Детски отдел | 2019-03-13 | Детски отдел | 13.99 | ДХ 820/899/Г 70 | 120000830873 | 7.15 | Книги |